Music Quiz

Random Music or Rap Quiz

First Word Rap Songs Quiz Stats

 Plays Quiz Updated Feb 5, 2019

Support Sporcle.
Go Orange.
Score 0/30 Timer 04:00
0 Plays Today
First Word % Correct
Gold
91.8%
Straight
91.1%
In
91%
Lose
87.9%
Black
87.7%
Get
85.3%
Big
81.4%
Hot
77.6%
Ms.
76%
Gin
75.5%
Started
75.2%
Empire
74.9%
Super
69.7%
If
66.3%
Mama
63.1%
First Word % Correct
Swimming
59.4%
Fight
57.8%
Forgot
56.4%
California
55.5%
Live
50.8%
Snap
49.5%
My
46.8%
Club
43.3%
King
33.1%
Bounce
31.4%
Cocoa
30.3%
Protect
29.8%
Drop
24.7%
Low
18.9%
Crush
9%

You're not logged in!

Compare scores with friends on all Sporcle quizzes.
OR
Log In
Forgot?

From the Vault

Neville Longbottom Multiple Choice Trivia

by seantlittle

"Sorry, but have you seen a toad at all?"
Remove Ads.
Support Sporcle.
Get the best of Sporcle when you Go Orange. This ad-free experience offers more features, more stats, and more fun while also helping to support Sporcle. Thank you for becoming a member.

Show Comments

Extras

Top Quizzes Today


Score Distribution

Your Account Isn't Verified!

In order to create a playlist on Sporcle, you need to verify the email address you used during registration. Go to your Sporcle Settings to finish the process.

Report this User

Report this user for behavior that violates our Community Guidelines.

Details: